| 000 | 01249nam0a22002771i 4500 | ||
|---|---|---|---|
| 001 | rc\2222274 | ||
| 005 | 20240726023446.0 | ||
| 035 | _a(NLR Aleph) 006707815 | ||
| 090 |
_a5311311 _c5311311 |
||
| 100 | _a20110829d1978 |||y0rusy50 ca | ||
| 101 | 0 | _arus | |
| 102 | _aRU | ||
| 105 | _ay d ||||| | ||
| 200 | 1 |
_aБронхо-легочные осложнения при длительной искусственной вентиляции легких в реаниматологической практике _e(Пути профилактики и лечения) _eАвтореф. дис. на соиск. учен. степ. канд. мед. наук _e(14.00.37) |
|
| 210 |
_aСвердловск _d1978 |
||
| 215 | _a21 с. | ||
| 300 | _aВ надзаг.: Свердл. гос. мед. ин-т | ||
| 320 | _aСписок работ авт. в конце текста (5 назв.) | ||
| 606 |
_aДыхание искусственное _xОсложнения и последствия _2psbo |
||
| 700 | 1 |
_aСаттаров _bС.С. _gСидик Саттарович |
|
| 801 | 0 |
_aRU _bNLR _gpsbo |
|
| 801 | 1 |
_aRU _bELAR _2rusmarc |
|
| 852 |
_aNLR _j79-4/13277 |
||
| 899 |
_aRuMoRGB _jДр 375/43 |
||
| 899 |
_aRuMoRGB _jДр 375/44 |
||
| 942 | _cBOOK | ||